00567nam a2200121Ia 4500008004100000100001400041245011900055245010900174650001300283856005700296999001900353952007300372170221s9999 xx 000 0 und d aSoeb Pawi 4aThe Malaysian Transformation of Assessment Tax. Management in Local Governments (LGs) Based on Star Rating Concept cSoeb Pawi, Wan Zahari Wan Yusoff, Norjariah Arif, Fazira Shafie Amilia Hasbullah and Nurhayati Md Salleh xBusiness uhttp://www.scienpress.com/Upload/BEJ/Vol%201_1_7.pdf c307919d307919 001040aCLbCLd2017-02-21l0r2017-02-21 00:00:00w2017-02-21yFOJ